000 00719cam a2200241 4500500
005 20260329004131.0
041 _afre
042 _adc
100 1 0 _aLacroix, Alexandre
_eauthor
245 0 0 _aAlexandre Jollien : “C’est le bordel, mais y’a pas de problème”
260 _c2018.
500 _a81
690 _aAddiction
690 _aAlexandre Jollien
690 _aCharles Bukowski
690 _aCorps
690 _aDépendance
690 _aHandicap
690 _aSexe
690 _aWebcam
786 0 _nPhilosophie magazine | 123 | 10 | 2018-10-01 | p. 16-18 | 1951-1787
856 4 1 _uhttps://shs.cairn.info/magazine-philosophie-magazine-2018-10-page-16?lang=fr&redirect-ssocas=7080
999 _c1831053
_d1831053